| 000 | 00534nam a2200181Ia 4500 | ||
|---|---|---|---|
| 008 | 090630s9999 xx 000 0 und d | ||
| 082 | _b26122 | ||
| 100 | _aचौगुले सहदेव. | ||
| 245 |
_aपाथेय. _cचौगुले सहदेव. |
||
| 260 |
_bअजब. _c2006 |
||
| 300 | _a112 | ||
| 600 | _aचौगुले सहदेव. | ||
| 630 | _aपाथेय. | ||
| 655 | _aचरित्र. | ||
| 700 | _aचौगुले सहदेव. | ||
| 730 | _aपाथेय. | ||
| 942 | _cBOOK | ||
| 999 |
_c277978 _d277978 |
||